000 01320nam a22002297a 4500
005 20080919145232.0
008 080919t xxu||||| |||| 00| 0 hin d
010 _aHIN-89778
020 _a9788178795638
_c495.00
035 _aHN-62124
037 _bD.B.Act / Pub
040 _aDPL
_bHN
082 _a070.449796
100 _aमिश्रा,प्रसिद्ध कुमार
_92598
245 _aखेल पत्रकारिता /
_cप्रसिद्ध कुमार मिश्रा
246 _aKail Patrkarita/
_bby Prsidh Kumar Mishra
260 _aनई दिल्ली
_bस्पोट्र्स पब्लिकेशन
_c2010
270 _a7/26, ग्राउण्ड फ्लोर,अंसारी रोड,दरियागंज
_bनई दिल्ली
_e110002
_k(ऑ) 65749511, (नि) 27562163 (मो.)9868028838
_mlakshaythani@hotmail.com
_l011 23240261
300 _a247पृ.
_c22सेमी(सजिल्द)
942 _aDPL
_cHN
_k070.449796 / मिश्राप्र
_2ddc
_h070.449796
_mमिश्राप्र
999 _c38227
_d38227